000 00271nam a22001217a 4500
008 181022b xxu||||| |||| 00| 0 eng d
041 _aeng
080 _a612.39
100 _a10
101 _aNUT
245 _aThe Vinegar Anniversary Book
_cThacker,E
942 _2udc
_cBK
999 _c50478
_d50478